Diferencias y deferencia : (Registro nro. 172782)
[ vista simple ]
| 000 -LEADER | |
|---|---|
| fixed length control field | 01059nam a22003131i 4500 |
| 001 - CONTROL NUMBER | |
| control field | bslw10056385 |
| 006 - FIXED-LENGTH DATA ELEMENTS--ADDITIONAL MATERIAL CHARACTERISTICS--GENERAL INFORMATION | |
| fixed length control field | m o d |
| 007 - PHYSICAL DESCRIPTION FIXED FIELD--GENERAL INFORMATION | |
| fixed length control field | cr un ---uuuua |
| 008 - FIXED-LENGTH DATA ELEMENTS--GENERAL INFORMATION | |
| fixed length control field | 230603s2015 sp ob 000 0 spa d |
| 020 ## - INTERNATIONAL STANDARD BOOK NUMBER | |
| International Standard Book Number | 9788413811253 |
| 035 ## - | |
| -- | 38433 |
| 040 ## - CATALOGING SOURCE | |
| Original cataloging agency | UtOrBLW |
| Language of cataloging | eng |
| Description conventions | rda |
| Transcribing agency | UtOrBLW |
| 050 #4 - | |
| -- | K3175 |
| -- | .R36 2015 |
| 082 04 - | |
| -- | 347.012 |
| -- | 23 |
| 100 1# - MAIN ENTRY--PERSONAL NAME | |
| Personal name | Ramírez Ludeña, Lorena, |
| Relator term | author. |
| 245 10 - TITLE STATEMENT | |
| Title | Diferencias y deferencia : |
| Remainder of title | sobre el impacto de las nuevas teorías de la referencia en el derecho / |
| Statement of responsibility, etc | Lorena Ramírez Ludeña. |
| 264 #1 - | |
| -- | Madrid : |
| -- | Marcial Pons, |
| -- | 2015. |
| 300 ## - PHYSICAL DESCRIPTION | |
| Extent | 1 online resource (192 pages) |
| 336 ## - | |
| -- | text |
| -- | txt |
| -- | rdacontent |
| 337 ## - | |
| -- | computer |
| -- | c |
| -- | rdamedia |
| 338 ## - | |
| -- | online resource |
| -- | cr |
| -- | rdacarrier |
| 490 1# - SERIES STATEMENT | |
| Series statement | Colección Filosofía y derecho |
| 504 ## - BIBLIOGRAPHY, ETC. NOTE | |
| Bibliography, etc | Includes bibliographical references. |
| 650 #0 - SUBJECT ADDED ENTRY--TOPICAL TERM | |
| Topical term or geographic name as entry element | Deference (Law) |
| 830 #0 - | |
| -- | Colección Filosofía y derecho (Madrid, Spain) |
| 856 40 - LOCALIZACIÓN Y ACCESO ELECTRÓNICO | |
| Identificador Uniforme del Recurso (URI/URL) | https://app.vlex.com/#/sources/38433 |
| 942 ## - | |
| -- | RAA |
| 999 ## - | |
| -- | 172782 |
| -- | 172782 |
No hay ítems disponibles.